| 000 | 00833nam a2200169 a 4500 | ||
|---|---|---|---|
| 008 | 120416s1969 ||||||||||||||||| || u | ||
| 050 | _aHM 131 Ben | ||
| 100 | _aBennis, Warren G | ||
| 245 | 1 | 0 | _aOrganization development |
| 246 | _aits nature, origins and prospects | ||
| 260 |
_aReadings, Mass. _bAddison-Wesley _c1969 |
||
| 300 | _aviii, 87p. | ||
| 350 | _a0.00 | ||
| 995 |
_D0.00 _FCBU-MAIN LIBRARY (Kitwe) _H1 _I0.00 _UAVAILABLE _ZAnnex Low-Usage Collection |
||
| 995 |
_D0.00 _FCBU-MAIN LIBRARY (Kitwe) _H2 _I0.00 _UAVAILABLE _ZAnnex Low-Usage Collection |
||
| 995 |
_D0.00 _FCBU-MAIN LIBRARY (Kitwe) _H3 _I0.00 _UAVAILABLE _ZMain Library Open Access Collection |
||
| 999 |
_c81661 _d81661 |
||